000 00514nam a2200181Ia 4500
003 GCL
008 140319s9999 xx 000 0 ara d
040 _aGCL /
_cGCL
082 0 4 _a239
_bع م
100 1 _aعلى الحمبلاطى
245 1 0 _aمحمد نبى الانسانية /
_cعلى الحمبلاطى
490 _aكتاب
_v0
650 0 4 _aالسيرة النبوية
650 0 4 _aالاسراء والمعراج
650 0 4 _aهجرة الرسول
650 0 4 _aفتح مكة
942 _2ddc
_cBK
999 _c42598
_d42598